| 000 | 01344nam a22003857a 4500 | ||
|---|---|---|---|
| 003 | CHAP | ||
| 005 | 20220817043027.0 | ||
| 008 | 971010s1973 r 00010 d | ||
| 010 | _a63203 | ||
| 011 | _a64175 | ||
| 035 | _a69423 | ||
| 040 | _cCHAP | ||
| 082 | 0 | 4 |
_a530 _bO9 |
| 100 | 0 | 0 |
_aCifuentes Lemus, Juan Luis. _923272 |
| 245 | 1 | _aDiversidad de los animales | |
| 260 |
_aMéxico, D. F. : _bANUIES, _c1973 |
||
| 300 |
_a63 p. _b: ilus. |
||
| 490 | _aTemas básicos. Ciencias naturales | ||
| 500 | _aEncuadernado con: Oyarzábal, J. de Mecánica | ||
| 590 |
_aBATCH-UPD _b10 _c20130110 _lUCH01 _h0313 |
||
| 590 |
_aBATCH-UPD _b10 _c20130110 _lUCH01 _h1831 |
||
| 590 |
_aBATCH-UPD _b10 _c20130409 _lUCH01 _h2346 |
||
| 590 |
_aBATCH-UPD _b10 _c20130410 _lUCH01 _h1506 |
||
| 590 |
_aBATCH-UPD _b10 _c20130914 _lUCH01 _h0420 |
||
| 590 |
_aCONVERSION _b10 _c20130109 _lUCH01 _h1334 |
||
| 650 | 1 | 4 |
_aAnimales domesticos _xHistoria y origen. _95905 |
| 650 | 1 | 4 |
_aEvolución. _939007 |
| 700 | 0 |
_aFernández Álamo, María Ana. _940251 |
|
| 700 | 0 |
_aSegura Puertas, María de Lourdes. _9103660 |
|
| 710 | 0 |
_aAsociación Nacional de Universidades e Institutos de Enseñanza Superior. México. _98095 |
|
| 830 | 0 | _aTemas básicos ciencias naturales | |
| 901 | _aBK | ||
| 942 | _cLIBRO | ||
| 949 |
_a530 O9 _bBC _cLIBRO _d-140846 _eLIBRO _h28345 _i69423 _si |
||
| 999 |
_c63203 _d63203 |
||